000 01222nam a2200289Ia 4500
001 ebr10186038
003 CaPaEBR
006 m u
007 cr cn|||||||||
008 050707s2006 ne a sb 001 0 eng d
020 _z0120885166 (hbk.)
040 _aCaPaEBR
_cCaPaEBR
035 _a(OCoLC)164438178
050 1 4 _aTA1637
_b.W67 2006eb
082 0 4 _a621.367
_222
100 1 _aWoods, John W.
_q(John William),
_d1943-
245 1 0 _aMultidimensional signal, image, and video processing and coding
_h[electronic resource] /
_cJohn Woods.
260 _aAmsterdam ;
_aBurlington, MA :
_bAcademic,
_c2006.
300 _axv, 493 p., [1] p. of plates :
_bill. (some col.)
504 _aIncludes bibliographical references and index.
533 _aElectronic reproduction.
_bPalo Alto, Calif. :
_cebrary,
_d2009.
_nAvailable via World Wide Web.
_nAccess may be limited to ebrary affiliated libraries.
650 0 _aImage processing
_xDigital techniques.
650 0 _aSignal processing
_xDigital techniques.
655 7 _aElectronic books.
_2local
710 2 _aebrary, Inc.
856 4 0 _uhttp://site.ebrary.com/lib/rucke/Doc?id=10186038
_zAn electronic book accessible through the World Wide Web; click to view
999 _c145125
_d145125